The complex landscape of human trafficking: a comprehensive exploration with emphasis on legal safeguards for victims in Egyptian and Arab Legislation

Human trafficking victims suffer a direct assault on their fundamental rights, enduring a modern form of slavery and exploitation. Perpetrated by criminal groups, human trafficking exploits victims, especially women and children, in forced labor, prostitution, or organ trafficking, treating them as...

Descripción completa

Guardado en:  
Detalles Bibliográficos
Autor principal: El-Kady, Ramy (Autor)
Tipo de documento: Print Artículo
Lenguaje:Inglés
Publicado: 2024
En: Modern insights and strategies in victimology
Año: 2024, Páginas: 118-140
Verificar disponibilidad: HBZ Gateway

MARC

LEADER 00000naa a2200000 c 4500
001 1940156114
003 DE-627
005 20251104121013.0
007 tu
008 251104s2024 xx ||||| 00| ||eng c
020 |a 9798369347133 
035 |a (DE-627)1940156114 
035 |a (DE-599)KXP1940156114 
040 |a DE-627  |b ger  |c DE-627  |e rda 
041 |a eng 
084 |a 2,1  |2 ssgn 
100 1 |a El-Kady, Ramy  |e VerfasserIn  |0 (DE-588)1329664302  |0 (DE-627)1888999489  |4 aut 
109 |a El-Kady, Ramy  |a El Kady, Ramy  |a ElKady, Ramy  |a Kady, Ramy El- 
245 1 4 |a The complex landscape of human trafficking: a comprehensive exploration with emphasis on legal safeguards for victims in Egyptian and Arab Legislation  |c Ramy El-Kady (Police Academy, Egypt) 
264 1 |c 2024 
336 |a Text  |b txt  |2 rdacontent 
337 |a ohne Hilfsmittel zu benutzen  |b n  |2 rdamedia 
338 |a Band  |b nc  |2 rdacarrier 
500 |a Literaturverzeichnis: Seite 137-140 
520 |a Human trafficking victims suffer a direct assault on their fundamental rights, enduring a modern form of slavery and exploitation. Perpetrated by criminal groups, human trafficking exploits victims, especially women and children, in forced labor, prostitution, or organ trafficking, treating them as commodities in a market driven by supply and demand, thereby profiting at the cost of fundamental rights and human dignity. This chapter underscores the critical significance of understanding the multifaceted challenges inherent in combating human trafficking, emphasizing the urgent need for effective measures. By delving into the complexities of the transnational organized structure of this crime, the chapter provides valuable insights into the hurdles faced by law enforcement and investigative agencies. Recognizing the gravity of human trafficking as a direct violation of fundamental rights and human dignity, this chapter aims to contribute to the development of comprehensive strategies and policies to address this pervasive issue. 
773 0 8 |i Enthalten in  |t Modern insights and strategies in victimology  |d Hershey, PA : IGI Global, 2024  |g (2024), Seite 118-140  |h xviii 292 Seiten  |w (DE-627)1884778615  |z 9798369322017  |z 9798369347133  |7 nnam 
773 1 8 |g year:2024  |g pages:118-140 
776 1 |o 10.4018/979-8-3693-2201-7.ch006 
951 |a AR 
ELC |b 1 
LOK |0 000 xxxxxcx a22 zn 4500 
LOK |0 001 4796079815 
LOK |0 003 DE-627 
LOK |0 004 1940156114 
LOK |0 005 20251104121013 
LOK |0 008 251104||||||||||||||||ger||||||| 
LOK |0 040   |a DE-2619  |c DE-627  |d DE-2619 
LOK |0 092   |o n 
LOK |0 852   |a DE-2619 
LOK |0 852 1  |9 00 
LOK |0 939   |a 04-11-25  |b l01 
ORI |a SA-MARC-krimdoka001.raw